000 01267nam a2200265 i 4500
001 159856
003 ES-MaACL
005 20260201063017.0
008 940202s1846 sp |||| | spa d
040 _aCAM
_bspa
100 1 _aMöhler, Johann Adam,
_d1796-1838
_9130361
245 1 3 _aLa simbólica o exposición de las contrariedades dogmáticas entre los católicos y protestantes según sus profesiones públicas de fe /
_cpor M. Moehler ; traducida al francés de la cuarta edición alemana y del francés al español por Antolin Monescillo.
260 _aMadrid :
_bJosé Felix Palacios,
_c1846.
300 _a2 v. (353; 308 p.) ;
_c19 cm.
490 1 _aEnciclopedia Católica ;
_v6 y 7
530 _aDisponible en formato digital.
610 2 7 _aIglesia Católica-
_xDoctrinas
_2
_9151420
650 4 _aIglesias protestantes-
_xDoctrinas.
_9141213
700 1 _aMonescillo, Antolín.
_9130053
830 0 _aEnciclopedia Católica ;
_v6 y 7
_9221991
852 _aES-MaACL
_jG-10064
_z-- Enc. pasta
_z-- 2 t. en 1 v.
856 _uhttp://bdh-rd.bne.es/viewer.vm?id=0000048720&page=1
_zBiblioteca Digital Hispánica
856 _uhttp://bdh-rd.bne.es/viewer.vm?id=0000048713&page=1
_zBiblioteca Digital Hispánica
999 _c159856
_d159856